The Black Quiz - Statistics

General Stats
  • This quiz has been taken 48 times
  • The average score is 11 of 12
Answer Stats
Picture Answer % Correct
Car
100%
Cat
100%
Dog
100%
Horse
100%
Ocean
100%
Chess Pieces
97%
Chimpanzee
97%
Feather
97%
Burnt Rose
92%
Train
89%
Crow
87%
Coal
74%
No matching quizzes found
Score Distribution
Percent of People with Each Score
Percentile by Number Answered
Your Score History
You have not taken this quiz